Regionálna a produkčná charakteristika rozvoja trhu s poľnohospodárskou pôdou na Slovensku v roku 2010

Analýza výsledkov šetrení vývoja trhových cien poľnohospodárskej pôdy vo vybraných okresoch Slovenska. Existencia štatistických údajov o výške trhových cien a objektivita týchto informácií je predpokladom harmonizácie trhu s pôdou s krajinami Európskej únie. Výskum regionálneho zamerania bol rozšíre...

Description complète

Enregistré dans:
Détails bibliographiques
Auteur principal: Buday, Štefan
Autres auteurs: Grausová, Gabriela, Rybár, Vladimír
Format: Chapitre de livre
Langue:slovaque
Sujets:
Tags: Ajouter un tag
Pas de tags, Soyez le premier à ajouter un tag!

MARC

LEADER 00000nla a2200000 4500
001 0168718
005 20220722102025.8
041 0 |a slo 
044 |a SK 
245 1 0 |a Regionálna a produkčná charakteristika rozvoja trhu s poľnohospodárskou pôdou na Slovensku v roku 2010  |c Štefan Buday, Gabriela Grausová, Vladimír Rybár 
520 |a Analýza výsledkov šetrení vývoja trhových cien poľnohospodárskej pôdy vo vybraných okresoch Slovenska. Existencia štatistických údajov o výške trhových cien a objektivita týchto informácií je predpokladom harmonizácie trhu s pôdou s krajinami Európskej únie. Výskum regionálneho zamerania bol rozšírený aj o analýzu rozvoja trhu s pôdou v rozdielnych výrobných podmienkach, vyjadrených poľnohospodárskymi výrobnými oblasťami, ktoré patria k rozhodujúcim činiteľom ekonomickej efektívnosti a diferenciácie poľnohospodárskej výroby a poľnohospodárskych podnikov. 
610 2 0 |a pôda poľnohospodárska 
610 2 0 |a trh 
610 2 0 |a cena pôdy 
610 2 0 |a Slovensko 
100 1 |a Buday, Štefan 
700 1 |a Grausová, Gabriela 
700 1 |a Rybár, Vladimír